000 01659nam a2200445Ii 4500
001 DIGIMPED0046
003 NyNyDIG
006 m o d
007 cr |||||||||||
008 221210s2015 sp o 000 0 spa d
035 _a(OCoLC)1356296747
040 _aDGITA
_beng
_erda
_epn
_cDGITA
020 _a9788417115104
_qePub
020 _z9788415979975
041 1 _aspa
_heng
050 1 4 _aPR6056.O85 ebook
082 0 4 _a823.914
100 1 _aFowles, John,
_d1926-2005,
_eauthor.
240 1 0 _aTree.
_lSpanish
_s(Adón)
245 1 3 _aEl árbol /
_cJohn Fowles ; traducción del inglés a cargo de Pilar Adón.
250 _aPrimera edición en Impedimenta.
264 1 _aMadrid :
_bImpedimenta,
_c[2015]
300 _a1 online resource.
336 _atext
_btxt
_2rdacontent
337 _acomputer
_bc
_2rdamedia
338 _aonline resource
_bcr
_2rdacarrier
347 _atext file
_2rdaft
347 _bEPUB
588 0 _aOnline resource; title from ePub title page (Digitalia, viewed December 10, 2022)
600 1 0 _aFowles, John,
_d1926-2005
_xKnowledge and learning.
650 0 _aTrees in literature.
700 1 _aAdón, Pilar,
_d1971-
_etranslator.
700 1 _iTranslation of:
_aFowles, John,
_d1926-2005.
_tTree.
791 2 _aDigitalia (Firm),
_edistributor.
793 0 _gDigitalia eBook Collection:
_aImpedimenta
776 0 8 _iPrint version:
_aFowles, John, 1926-2005.
_sTree. Spanish (Adón).
_tÁrbol.
_bSegunda reimpresión, 2017.
_dMadrid : Impedimenta, [2015]
_z9788415979975
856 4 0 _3Digitalia Hispánica
_uhttps://www.digitaliapublishing.com/a/50527/
910 _aPremium collection: 2022
942 _cRAA
999 _c251773
_d251773